000 00450nam a22001457a 4500
003 macl
005 20180415123809.0
008 180415b xxu||||| |||| 00| 0 eng d
040 _cmacl
100 _aश्रीराम मेहरोत्रा
_972021
245 _aराम कौन
260 _aनई दिल्‍ली
_bलेखश्री पब्लिकेशन
_c2015
650 _aधर्म
_972022
942 _2ddc
_cHIN
999 _c57719
_d57719